| 000 | 00340nam a22001337a 4500 | ||
|---|---|---|---|
| 005 | 20170822175146.0 | ||
| 008 | 160601b xxu||||| |||| 00| 0 eng d | ||
| 040 | _dBSU | ||
| 082 |
_222 _aR332.6 UGA |
||
| 245 | _aPrivate Sector Investment Survey (PSIS) 2010 | ||
| 260 |
_aKampala _bUBOS _c2011 |
||
| 300 |
_ax,55p. _c30 cm |
||
| 942 |
_2ddc _cPER |
||
| 999 |
_c10715 _d10715 |
||